01312nam a2200421 i 450000100060000000300090000600500170001500800390003202000150007104000360008604100080012204600090013008000080013908000100014708000120015710000420016924500390021125000270025026000480027730000300032533600270035533700540038233800280043638000160046438000270048038500390050738800140054638800140056050400260057465000150060065000240061565500300063965800150066965800340068471000340071885600980075285600400085033044KOSZ 00520191220093001.0990205s1997 pl a f f |000 0 pol a8301112417 aKOSZ 005cKOSZ 005dKOSZ 005/HR0 apol k1997 a311 a519.2 a(075.8)1 aSobczyk, Mieczysławd(1945- )eAutor10aStatystyka /cMieczysław Sobczyk. aWyd. 2 popr., dodr. 4. aWarszawa :bWydawnictwo Naukowe PWN,c1997. a328 s. :bwykr. ;c21 cm. 2rdacontentaTekstbtxt 2rdamediaaBez urządzenia pośredniczącegobn 2rdacarrieraWoluminbnc aKsiążki aPublikacje dydaktyczne mPoziom nauczaniaaSzkoły wyższe a1901-2000 a1989-2000 aBibliogr. s. 325-326. 4aStatystyka 4aMetody statystyczne 4aPodręczniki akademickie aMatematyka aGospodarka, ekonomia, finanse2 aWydawnictwo Naukowe PWN4pbl. uhttp://koha.tu.koszalin.pl/cgi-bin/koha/opac-detail.pl?biblionumber=33044yKatalog online BPK uhttp://libra.ibuk.pl/book/697yIBUK